Datum a čas kvízu
32
Celkem bodů
Celkový počet nahraných bodů na tomto kvízu bez doplňovacích otázek.
2.
Pořadí na kvízu
Konečné umístění týmu na tomto kvízu.
Zaznamenané odpovědi
| # | Otázka | Odpověď | Body | Výsledky |
|---|---|---|---|---|
| 1. | Nezvykle brzy letos vykvetly n... | Jizerka | 0 | |
| 2. | V pondělí večer došlo k úplném... | přes Severní Ameriku | 1 | |
| 3. | Rozhořčení občané jednoho měst... | v Táboře | 1 | |
| 4. | Andrej Babiš se na sociálních... | Věra Jourová | 1 | |
| 5. | V prvním přípravném zápase pře... | Německo, David Tomášek | 0.5 | |
| 6. | V pěti otázkách tohoto tématu... | kámen | 1 | |
| 7. | Jaká je denní dávka kuchyňské... | B | 1 | |
| 8. | Kala namak je zvláštním druhem... | A) černá | 1 | |
| 9. | Jak zní obchodní název takzvan... | Praganda | 1 | |
| 10. | Jeden z nejznámějších a nejsta... | D) Wieliczka | 0 |